Guess the Country Flags With A Sun - Statistics

General Stats
  • This quiz has been taken 78 times
    65 since last reset
  • The average score is 14 of 18
Answer Stats
Picture Answer % Correct
Japan
100%
Bangladesh
95%
North Macedonia
92%
Kyrgyzstan
89%
Kiribati
87%
Malawi
87%
Argentina
82%
Mongolia
82%
Kazakhstan
79%
Uruguay
79%
Niger
74%
Philippines
71%
Antigua & Barbuda
68%
Taiwan
68%
Nepal
63%
Rwanda
61%
Namibia
55%
Ecuador
37%
No matching quizzes found
Score Distribution
Percent of People with Each Score
Percentile by Number Answered
Your Score History
You have not taken this quiz since the last reset